000 00286nam a22001337a 4500
008 170802b xxu||||| |||| 00| 0 eng d
020 _a9780672303197
041 _aeng
080 _a004
100 _a32
101 _aSHKI
245 _aNEW C PRIMER PLUS
_cWAITE, M
942 _2udc
_cBK
999 _c22470
_d22470